Geography Quiz

Random Geography or City Quiz
Score 0/17 Timer 04:00
0 Plays Today
County City % Correct
Los AngelesDowney
89.2%
San MateoDaly City
83.1%
YoloDavis
83.1%
AlamedaDublin
68.7%
Contra CostaDanville
66.3%
KernDelano
60.2%
Los AngelesDiamond Bar
53%
OrangeDana Point
51.8%
Los AngelesDuarte
51.8%
County City % Correct
SolanoDixon
45.8%
San DiegoDel Mar
45.8%
RiversideDesert Hot Springs
44.6%
TulareDinuba
42.2%
SiskiyouDunsmuir
37.3%
MercedDos Palos
25.3%
SiskiyouDorris
25.3%
MontereyDel Rey Oaks
24.1%

You're not logged in!

Compare scores with friends on all Sporcle quizzes.
OR
Log In

Sporcle TV

Today on Sporcle TV


Watch our educational content, quiz creation guides, and fun videos on Sporcle TV.

Show Comments

Extras

Top Quizzes Today


Score Distribution

Paid Content

Your Account Isn't Verified!

In order to create a playlist on Sporcle, you need to verify the email address you used during registration. Go to your Sporcle Settings to finish the process.

Report this User

Report this user for behavior that violates our Community Guidelines.

Details: